000 00735 a2200229 4500
020 _a0-201-63466-X
020 _a978-0-201-63466-2
040 _aDLC
_bDLC
082 _a005.8
100 1 _aCheswick, William R.
245 0 0 _aFirewalls and internet security: repelling the wily hacker
_brepelling the wily hacker
_cWilliam R. Cheswick, Steven M. Bellovin, Aviel D. Rubin
250 _a2. ed.
260 _aIndia:
_bPearson Education,
_ccop. 2003
300 _axx, 433 s.
440 0 _aAddison-Wesley professional computing series
650 7 _aInternet
650 7 _aFirewalls (Computer security)
650 7 _aComputer security
700 1 _aBellovin, Steven M.
700 1 _aRubin, Aviel D.
942 _cBK
_k005.8 CHE
_2ddc
999 _c6706
_d6706